Electric machines / (Record no. 504)

000 -LEADER
fixed length control field 00517nam a22001934a 4500
001 - CONTROL NUMBER
control field 504
003 - CONTROL NUMBER IDENTIFIER
control field BD-DhUET
008 - FIXED-LENGTH DATA ELEMENTS--GENERAL INFORMATION
fixed length control field 060106s2007 flua b 001 0 eng
020 ## - INTERNATIONAL STANDARD BOOK NUMBER
International Standard Book Number 0849385814
040 ## - CATALOGING SOURCE
Original cataloging agency DLC
Transcribing agency DLC
Modifying agency BD-DhUET
082 00 - DEWEY DECIMAL CLASSIFICATION NUMBER
Classification number 623.13
Item number GRO/2007
100 1# - MAIN ENTRY--PERSONAL NAME
Personal name Gross, Charles A.
245 10 - TITLE STATEMENT
Title Electric machines /
Statement of responsibility, etc. by Charles A. Gross.
260 ## - PUBLICATION, DISTRIBUTION, ETC. (IMPRINT)
Place of publication, distribution, etc. Boca Raton, FL :
Name of publisher, distributor, etc. CRC Press,
Date of publication, distribution, etc. 2007.
300 ## - PHYSICAL DESCRIPTION
Extent 450 p. :
Other physical details ill. ;
Dimensions 27 cm.
504 ## - BIBLIOGRAPHY, ETC. NOTE
Bibliography, etc Includes bibliographies.
650 #0 - SUBJECT ADDED ENTRY--TOPICAL TERM
Topical term or geographic name as entry element Electric machinery.
942 ## - ADDED ENTRY ELEMENTS (KOHA)
Koha item type General Book
Holdings
Not for loan Koha date last borrowed Copy number Withdrawn status Damaged status Koha full call number Date acquired Koha item type Shelving location Koha issues (times borrowed) Location (home branch) Sublocation or collection (holding branch) Piece designation (barcode) Source of classification or shelving scheme Koha date last seen Lost status Koha normalized classification for sorting Price effective from
 2019-11-201  623.13/GRO/20072014-07-23General BookCirculation section1Central Library, BUETCentral Library, BUET104749 2019-12-04 623_000000000000000_13GRO20072014-07-23
  2  623.13/GRO/20072014-07-23General BookCirculation section Central Library, BUETCentral Library, BUET109376 2014-07-23 623_000000000000000_13GRO20072014-07-23